| 000 | 00517nam a2200181Ia 4500 | ||
|---|---|---|---|
| 008 | 240729s9999 xx 000 0 und d | ||
| 022 | _a2768-6655 | ||
| 245 | 0 | _aExploration of Immunology | |
| 260 | _aChina | ||
| 260 | _bOpen Exploration Publishing Inc. | ||
| 650 | _a Immunologic diseases. Allergy | ||
| 650 | _a Internal medicine | ||
| 650 | _a Specialties of internal medicine | ||
| 650 | _aMedicine | ||
| 856 | _uhttps://doaj.org/toc/b4a9048566f541fd942e91a61a057535 | ||
| 942 | _2ddc | ||
| 942 | _cDOAJEJ | ||
| 999 |
_c71199 _d71199 |
||
| 945 |
_a1 _bMadushi Gamage _c1 _dMadushi Gamage |
||